Beni Keown

Northwestern A


Categories

Beliefs - Mythology0200206580.5001
Other - Pop Culture021015141141.0000
Other - Geo/CE1000154848.0001
Arts - Painting010010110110.0001
Beliefs - Religion0100108888.0001
History - American History0100108888.0001
Science - Chemistry010010112112.0001
Science - Physics011059595.0001
Literature - British Lit000000.0000
Science - Other Science0010-50.0000

Buzzes

Other - Geo/CEinternet service1548
Beliefs - Mythologyscorpions1065
History - American HistoryTexas1088
Beliefs - Religionwashing hands1088
Science - Physicsmagnetic field strength-589
Science - Physicsdamping1095
Beliefs - Mythologyspiders1096
Other - Pop CultureMike D'Antoni-598
Science - Other Sciencesunspots-5109
Arts - PaintingFrida Kahlo10110